01281nab a22002777a 4500999001500000003000400015005001700019008004100036040000700077245012100084260004200205300001100247500002900258505026500287505008900552650002600641650003800667650003300705650001900738650003400757650002900791650001800820650003000838773012200868942001300990 c5423d5423OSt20250407095428.0190506c xxu||||| |||| 00| 0 spa d cPJ13aAmbiente, cerebro, IA : bun trinomio no sustentable. Enfermedades y riesgos del ciber trabajador /cViviana Díaz. aBuenos Aires :bAbeledoPerrot,c2025. ap. 3-8 aTR LALEY AR/DOC/81/2025. aSumario: I. Introducción.— II. ¿Cuál es la relación entre la contaminación aérea y las enfermedades neurodegenerativas?— III. ¿La tecnología es adictiva? ¿La inteligencia artificial contamina? Luces y sombras.— IV. Riesgos del cyberworker. t¿Te interesa el texto completo? Comunicate al correo: koha@justierradelfuego.gov.ar 091316aDERECHO LABORAL 09289aTECNOLOGIA DE LA INFORMACION 096081aCIENCIA Y TECNOLOGÍA 095233aPANDEMIA 095817aINTELIGENCIA ARTIFICIAL 09273aDERECHO INFORMATICO 09281aINTERNET 091323aCONTRATO DE TRABAJO0 0275193202dBuenos Aires : AbeledoPerrot, 2013-tRevista de derecho laboral y seguridad social. Nº 3 - Febrero 2025 2udccANA